000 00536nam a2200205Ia 4500
005 20260429112304.0
008 260429s9999||||xx |||||||||||||| ||und||
020 _a9798888367506
041 _aEnglish
082 _a519.5
_bFLO
100 _aFloyd, Tesla
245 0 _aBasic business statistics /
_cTesla Floyd
250 _a1st ed.
260 _aNew York :
_bLarsen & Keller,
_c2025.
300 _avi, 199 p.; pbk
650 _a Management
650 _a Quantitative methods
650 _aBusiness statistics
942 _cTB
999 _c53326
_d53326